Makroekonomické nerovnováhy v Európskej únii bakalárska práca

Uložené v:
Podrobná bibliografia
Hlavný autor: Jámborová, Andrea
Korporativný autor: Národohospodárska fakulta EU. Katedra hospodárskej politiky
Ďalší autori: Nežinský, Eduard, 1972-
Médium: Kniha
Jazyk:Slovak
Vydavateľské údaje: Bratislava 2016
Tagy: Pridať tag
Žiadne tagy, Buďte prvý, kto otaguje tento záznam!

MARC

LEADER 00000nbm a2200000 4500
001 0219839
005 20161125142124.7
041 0 |a slo 
044 |a SK 
245 1 0 |a Makroekonomické nerovnováhy v Európskej únii  |b bakalárska práca  |c Andrea Jámborová ; školiteľ: Eduard Nežinský 
264 1 |a Bratislava  |c 2016 
300 |a 46 s. 
100 1 |a Jámborová, Andrea 
700 1 |a Nežinský, Eduard, 1972- 
710 2 |a Národohospodárska fakulta EU. Katedra hospodárskej politiky